[Event "ESP-ch U14"]
[Site "Salobrena"]
[Date "2023.07.17"]
[Round "2"]
[White "Genestar Zarralanga, Pau"]
[Black "Martinez Soriano, Pablo"]
[Result "0-1"]
[WhiteElo "1409"]
[BlackElo "1906"]
[PlyCount "84"]
[EventDate "2023.07.17"]
[EventType "swiss"]
[EventRounds "9"]
[EventCountry "ESP"]
[SourceTitle "EXT 2024"]
[Source "ChessBase"]
[SourceDate "2023.10.10"]
[SourceVersion "1"]
[SourceVersionDate "2023.10.10"]
[SourceQuality "1"]

1. d4 Nf6 2. c4 g6 3. Nc3 d5 4. cxd5 Nxd5 5. e4 Nxc3 6. bxc3 Bg7 7. Bc4 c5 8. Ne2 Nc6 9. Be3 Bd7 10. 0-0 cxd4 11. cxd4 0-0 12. Rb1 Rc8 13. Bd3 Na5 14. d5 b6 15. Bd4 e5 16. Bc3 Nc4 17. Qb3 b5 18. f4 Ne3 19. Rf3 Bg4 20. Rxe3 Qb6 21. Bd2 Bxe2 22. Qxb5 Qd4 23. Kh1 Bxd3 24. Qxd3 exf4 25. Qxd4 Bxd4 26. Rd3 Be5 27. Kg1 Rfd8 28. Rb7 Rc7 29. Rxc7 Bxc7 30. Bc3 Bd6 31. Bd4 Re8 32. Bxa7 Rxe4 33. Bd4 Rxd4 34. Rb3 Rxd5 35. Rb2 Kg7 36. Kf2 g5 37. a4 Ra5 38. Ra2 Kg6 39. Kf3 f5 40. h3 h5 41. Rd2 Be7 42. Rd4 Re5 0-1

[Event "ESP-ch U12 Rapid"]
[Site "Salobrena"]
[Date "2022.07.16"]
[Round "1"]
[White "Feal Albala, Alonso"]
[Black "Genestar Zarralanga, Pau"]
[Result "1-0"]
[WhiteElo "1580"]
[BlackElo "1231"]
[PlyCount "71"]
[EventDate "2022.07.09"]
[EventType "swiss (rapid)"]
[EventRounds "9"]
[EventCountry "ESP"]
[SourceTitle "EXT 2023"]
[Source "ChessBase"]
[SourceDate "2022.10.05"]
[SourceVersion "1"]
[SourceVersionDate "2022.10.05"]
[SourceQuality "1"]

1. e4 c5 2. Nf3 e6 3. d4 cxd4 4. Nxd4 Nf6 5. Nc3 d6 6. Be2 Nc6 7. Be3 Bd7 8. 0-0 Be7 9. f4 Nxd4 10. Bxd4 Bc6 11. Bd3 Nd7 12. Bxg7 Rg8 13. Bd4 e5 14. fxe5 dxe5 15. Be3 Qa5 16. Bc4 0-0-0 17. Nd5 Bc5 18. Bxc5 Qxc5+ 19. Kh1 Qf8 20. Qe2 Kb8 21. b4 Bxd5 22. Bxd5 Rg7 23. Qf3 Nb6 24. Bxf7 Rd2 25. g3 Rxc2 26. Qb3 Rc7 27. Be6 Qe7 28. Rf2 a6 29. Raf1 Rc6 30. Bh3 h5 31. a4 Nc4 32. b5 axb5 33. axb5 Rc7 34. Rf8+ Ka7 35. b6+ Nxb6 36. Ra1+ 1-0

[Event "ESP-ch U12"]
[Site "Salobrena"]
[Date "2022.07.11"]
[Round "1"]
[White "Genestar Zarralanga, Pau"]
[Black "Lopez Martinez, Jaime"]
[Result "0-1"]
[WhiteElo "1231"]
[BlackElo "1750"]
[PlyCount "88"]
[EventDate "2022.07.04"]
[EventType "swiss"]
[EventRounds "9"]
[EventCountry "ESP"]
[SourceTitle "EXT 2023"]
[Source "ChessBase"]
[SourceDate "2022.10.05"]
[SourceVersion "1"]
[SourceVersionDate "2022.10.05"]
[SourceQuality "1"]

1. d4 Nf6 2. c4 e6 3. Nf3 d5 4. g3 c6 5. Bg2 dxc4 6. Qc2 Bd6 7. 0-0 Nbd7 8. Qxc4 0-0 9. Nc3 h6 10. e4 e5 11. Be3 Qe7 12. Nh4 Nb6 13. Qb3 Ng4 14. Nf5 Bxf5 15. dxe5 Bxe5 16. exf5 Nxe3 17. fxe3 Kh8 18. Kh1 Rad8 19. Rf2 Rd3 20. Rf3 Rfd8 21. Raf1 Nd5 22. Nxd5 R8xd5 23. f6 Bxf6 24. Rxf6 gxf6 25. Bxd5 Rxb3 26. Bxb3 Kg7 27. Rf3 Qe5 28. Kg2 Qxb2+ 29. Kh3 a5 30. Rf4 b5 31. Rg4+ Kf8 32. Rf4 Qe5 33. Kg2 a4 34. Bxa4 bxa4 35. Rxa4 c5 36. Kf2 Qb2+ 37. Kf3 Qc1 38. Rh4 h5 39. Rf4 c4 40. Rd4 f5 41. Kf4 c3 42. Rd8+ Ke7 43. Rc8 c2 44. Kxf5 Qf1+ 0-1